Science Quiz

Random Science or Elements Quiz
Score 0/15 Timer 06:00
2 Plays Today
% Correct
Albert Einstein
89.7%
Marie and Pierre Curie
84.3%
Niels Bohr
80.4%
Alfred Nobel
74.9%
Dmitri Ivanovich Mendeleev
73.5%
Nicolaus Copernicus
72.8%
Ernest Rutherford
71.9%
Enrico Fermi
68.4%
% Correct
Ernest O. Lawrence
63.8%
Glenn T. Seaborg
50.2%
Wilhelm Conrad Röntgen
46.7%
Yuri Oganessian
46.1%
Lise Meitner
43.2%
Johan Gadolin
43%
Georgy Nikolayevich Flerov
42.9%

You're not logged in!

Compare scores with friends on all Sporcle quizzes.
OR
Log In

Sporcle TV

Today on Sporcle TV


Watch our educational content, quiz creation guides, and fun videos on Sporcle TV.

Show Comments

Extras

Top Quizzes Today


Score Distribution

Paid Content

Your Account Isn't Verified!

In order to create a playlist on Sporcle, you need to verify the email address you used during registration. Go to your Sporcle Settings to finish the process.

Report this User

Report this user for behavior that violates our Community Guidelines.

Details: